Concise encyclopedia of coding theory
Guardat en:
| Format: | Llibre |
|---|---|
| Idioma: | anglès |
| Publicat: |
CRC Press
2021
|
| Etiquetes: |
Afegir etiqueta
Sense etiquetes, Sigues el primer a etiquetar aquest registre!
|
MARC
| LEADER | 00000nam a22000007a 4500 | ||
|---|---|---|---|
| 008 | 240813b |||||||| |||| 00| 0 eng d | ||
| 020 | |a 9780367709327 | ||
| 245 | |a Concise encyclopedia of coding theory |c W. Cary Huffman, Jon-Lark Kim and Patrick Sole |g xxxii, 965p.;ill | ||
| 250 | |c Huffman Cary W. | ||
| 250 | |c Kim Jon-Lark | ||
| 250 | |c Sole Patrick | ||
| 260 | |b CRC Press |c 2021 |h Boca Raton, FL |i 702580 |i 702581 |i 702582 |l QA268.C74 |m Coding theory - Encyclopedias | ||
| 500 | |a It includes bibliography and index | ||
| 942 | |a lcc |c BK |e Adeyemo O.O |f 13/08/2024 | ||
| 952 | |0 0 |1 0 |2 lcc |4 0 |6 QA0268 C74 |7 0 |9 5487 |a SL |b HOL |c QZ |d 2024-08-13 |l 0 |o QA268.C74 |p 2024-0728 |r 2024-08-13 00:00:00 |t 702580 |w 2024-08-13 |y BK | ||
| 952 | |0 0 |1 0 |2 lcc |4 0 |6 QA0268 C74 |7 0 |9 5488 |a SL |b HOL |c QZ |d 2024-08-13 |l 0 |o QA268.C74 |p 2024-0729 |r 2024-08-13 00:00:00 |t 702581 |w 2024-08-13 |y BK | ||
| 952 | |0 0 |1 0 |2 lcc |4 0 |6 QA0268 C74 |7 0 |9 5489 |a HOL |b HOL |c QZ |d 2024-08-13 |l 0 |o QA268.C74 |p 2024-0730 |r 2024-08-13 00:00:00 |t 702582 |w 2024-08-13 |y BK | ||
| 999 | |c 2712 |d 2712 | ||